| 000 | 00716nam a2200229 ar4500 | ||
|---|---|---|---|
| 001 | 4019 | ||
| 005 | 20221127090847.0 | ||
| 006 | a a 000 0 | ||
| 008 | 141125 su a | 000 0|eng d | ||
| 090 | _aSP-S | ||
| 245 | 0 | 0 |
_aSaudi budget and its financial effects on the economy / _cprepared by Omar al Kanhal ... [et al.]. |
| 260 | _c2014. | ||
| 300 |
_a40 leaves : _bcolor illustrations ; _c30 cm. |
||
| 500 | _aSupervisor: Eiguene Kim. | ||
| 504 | _aIncludes bibl. references. | ||
| 526 | _aStudent senior project. | ||
| 563 | _aHard bound. | ||
| 650 | 4 |
_aFinance, Public _zSaudi Arabia. |
|
| 650 | 4 |
_aBudget _zSaudi Arabia. |
|
| 651 | 4 |
_aSaudi Arabia _xEconomic policy. |
|
| 700 | 0 | _aAl Kanhal, Omar. | |
| 999 |
_c4017 _d4017 |
||